MARC details
| 000 -CABECERA |
| campo de control de longitud fija |
01447cam a2200325 a 4500 |
| 001 - NÚMERO DE CONTROL |
| campo de control |
000007313 |
| 005 - FECHA Y HORA DE LA ÚLTIMA TRANSACCIÓN |
| campo de control |
20200929154129.0 |
| 008 - DATOS DE LONGITUD FIJA--INFORMACIÓN GENERAL |
| campo de control de longitud fija |
960201s1994 ck 000 0 spa d |
| 020 ## - NÚMERO INTERNACIONAL ESTÁNDAR DEL LIBRO |
| Número Internacional Estándar del Libro |
9586120856 (colección) |
| 020 ## - NÚMERO INTERNACIONAL ESTÁNDAR DEL LIBRO |
| Número Internacional Estándar del Libro |
9586121704 (v. 1) |
| 020 ## - NÚMERO INTERNACIONAL ESTÁNDAR DEL LIBRO |
| Número Internacional Estándar del Libro |
9586121712 (v. 2) |
| 020 ## - NÚMERO INTERNACIONAL ESTÁNDAR DEL LIBRO |
| Número Internacional Estándar del Libro |
9586121917 (t. 3) |
| 040 ## - FUENTE DE LA CATALOGACIÓN |
| Centro catalogador/agencia de origen |
DO-SdBNP |
| Lengua de catalogación |
spa |
| Centro/agencia transcriptor |
LC |
| Lengua de catalogación |
BNPHU |
| 082 ## - NÚMERO DE LA CLASIFICACIÓN DECIMAL DEWEY |
| Número de clasificación |
910.9861 |
| Número de documento/Ítem |
B777m |
| 049 ## - FONDOS LOCALES (OCLC) |
| Fondos de biblioteca |
BNGR |
| 100 1# - ENTRADA PRINCIPAL--NOMBRE DE PERSONA |
| Nombre de persona |
Boussingault, Jean Baptiste Joseph Dieudonné, |
| Fechas asociadas al nombre |
1802-1887. |
| 9 (RLIN) |
20326 |
| 245 10 - MENCIÓN DE TÍTULO |
| Título |
Memorias / |
| Mención de responsabilidad, etc. |
Jean Baptiste Boussingault ; prólogo de Germán Carrera Damas. |
| 260 ## - PUBLICACIÓN, DISTRIBUCIÓN, ETC. |
| Lugar de publicación, distribución, etc. |
Bogotá : |
| Nombre del editor, distribuidor, etc. |
Presidencia de la República; |
| -- |
Comisión Preparatoria para el V Centenario del Descubrimiento de América; |
| -- |
Instituto Colombiano de Cultura; |
| -- |
Biblioteca Nacional de Colombia, |
| Fecha de publicación, distribución, etc. |
1994. |
| 300 ## - DESCRIPCIÓN FÍSICA |
| Extensión |
v. ; |
| Dimensiones |
24 cm. |
| 490 1# - MENCIÓN DE SERIE |
| Mención de serie |
Biblioteca V Centenario Colcultura. Viajeros por Colombia |
| 505 0# - NOTA DE CONTENIDO CON FORMATO |
| Información miscelánea |
V. 1. |
| Título |
Memorias 1802-1823. -- |
| Información miscelánea |
V. 2. |
| Título |
Memorias 1823-1832. |
| Información miscelánea |
V. 3. |
| Título |
Memorias - Correspondencia. |
| 500 ## - NOTA GENERAL |
| Nota general |
La biblioteca sólo posee los volúmenes 1, 2 y 3. |
| 600 10 - PUNTO DE ACCESO ADICIONAL DE MATERIA--NOMBRE DE PERSONA |
| Nombre de persona |
BOUSSINGAULT, JEAN BAPTISTE JOSEPH DIEUDONNÉ, |
| Fechas asociadas al nombre |
1802-1887 |
| Subdivisión general |
MEMORIAS |
| 9 (RLIN) |
20327 |
| 651 #4 - PUNTO DE ACCESO ADICIONAL DE MATERIA--NOMBRE GEOGRÁFICO |
| Nombre geográfico |
Colombia |
| Subdivisión general |
Descripciones Y Viajes |
| 9 (RLIN) |
16997 |
| 651 #4 - PUNTO DE ACCESO ADICIONAL DE MATERIA--NOMBRE GEOGRÁFICO |
| Nombre geográfico |
Colombia |
| Subdivisión general |
Historia |
| 9 (RLIN) |
18037 |
| 700 1# - PUNTO DE ACCESO ADICIONAL--NOMBRE DE PERSONA |
| Nombre de persona |
Carrera Damas, Germán, |
| Término indicativo de función/relación |
pról. |
| 9 (RLIN) |
20328 |
| 830 #0 - PUNTO DE ACCESO ADICIONAL DE SERIE-TÍTULO UNIFORME |
| Título uniforme |
Biblioteca V Centenario Colcultura : |
| Nombre de parte o sección de la obra |
Viajeros por Colombia |
| 9 (RLIN) |
20309 |
| 910 ## - DATOS DE OPCIÓN DEL USUARIO (OCLC) |
| Datos de opción del usuario |
Catalogación por copia / LC |
| 910 ## - DATOS DE OPCIÓN DEL USUARIO (OCLC) |
| Datos de opción del usuario |
WM |